000 00760cam a22001457a 4500
008 180718b2010 xxu||||| |||| 00| 0 eng d
082 _aPx54 Ed83
245 _aEducation in India: participation and expenditure (NSS 64th round)
_cby National Sample Survey Office, National Statistical Organisation, Ministry of Statistics and Programme Implementation
260 _aNew Delhi
_bNational Sample Survey Office, National Statistical Organisation, Ministry of Statistics and Programme Implementation
_c2010
300 _a88+p.
440 _aReport no. 532
500 _aLibrary has 2007/08,2014
650 _aEducation - India
700 _aIndia. Ministry of Statistics and Programme Implementation. National Statistical Organisation. National Sample Survey Office
999 _c495375
_d495375